000 00603nam a2200169 a 4500
008 120416s1970 ||||||||||||||||| || u
020 _a9221029859
050 _aHD 5701.85 Emp
245 1 0 _aEmployment and manpower information in developing countries
246 _aa training guide
260 _aGeneva
_bILO
_c1970
300 _a230p : ill
350 _a0.00
650 _aMANPOWER DEVELOPMENT--DEVELOPING COUNTRIES
650 _aLABOUR
995 _D0.00
_FCBU-MAIN LIBRARY (Kitwe)
_H1
_I5.00
_M1
_UAVAILABLE
_ZAnnex Low-Usage Collection
999 _c41776
_d41776